K zmenám niektorých ustanovení zákona o zamestnanosti od 1.4.1999
Zákonom č. 56/199 Z.z. z 22. marca 1999, boli novelizované niektoré ustanovenia zákona NR SR č. 387/1996 Z.z. o zamestnanosti. Komentár k novelizovaným ustanoveniam zákona, podľa ktorých sa určuje výška podpory v nezamestnanosti, výška vymeriavacieho základu, prípadne ďalšie veličiny z mesačnej mini...
Gespeichert in:
| 1. Verfasser: | |
|---|---|
| Format: | Buchkapitel |
| Sprache: | Slowakisch |
| Schlagworte: | |
| Tags: |
Keine Tags, Fügen Sie das erste Tag hinzu!
|
MARC
| LEADER | 00000naa a2200000 4500 | ||
|---|---|---|---|
| 001 | r035461 | ||
| 005 | 20230926081317.8 | ||
| 041 | 0 | |a slo | |
| 044 | |a SK | ||
| 245 | 1 | 0 | |a K zmenám niektorých ustanovení zákona o zamestnanosti od 1.4.1999 |c Mária Janušová |
| 520 | |a Zákonom č. 56/199 Z.z. z 22. marca 1999, boli novelizované niektoré ustanovenia zákona NR SR č. 387/1996 Z.z. o zamestnanosti. Komentár k novelizovaným ustanoveniam zákona, podľa ktorých sa určuje výška podpory v nezamestnanosti, výška vymeriavacieho základu, prípadne ďalšie veličiny z mesačnej minimálnej mzdy. | ||
| 610 | 2 | 0 | |a zamestnanosť |
| 610 | 2 | 0 | |a mzdy minimálne |
| 610 | 2 | 0 | |a zákony |
| 610 | 2 | 0 | |a Slovensko |
| 610 | 2 | 0 | |a novelizácia |
| 610 | 2 | 0 | |a komentáre |
| 610 | 2 | 0 | |a apríl |
| 610 | 2 | 0 | |a 1999 |
| 100 | 1 | |a Janušová, Mária | |